<?xml version="1.0" encoding="UTF-8"?>
<record
    xmlns:xsi="http://www.w3.org/2001/XMLSchema-instance"
    xsi:schemaLocation="http://www.loc.gov/MARC21/slim http://www.loc.gov/standards/marcxml/schema/MARC21slim.xsd"
    xmlns="http://www.loc.gov/MARC21/slim">

  <leader>01137nam0a22002531  4500</leader>
  <controlfield tag="001">rc\2831719</controlfield>
  <controlfield tag="005">20250529201542.0</controlfield>
  <datafield tag="035" ind1=" " ind2=" ">
    <subfield code="a">(NLR Aleph) 006989657</subfield>
  </datafield>
  <datafield tag="090" ind1=" " ind2=" ">
    <subfield code="a">5614070</subfield>
    <subfield code="c">5614070</subfield>
  </datafield>
  <datafield tag="100" ind1=" " ind2=" ">
    <subfield code="a">20110626f19301931|||y0rusy50      ca</subfield>
  </datafield>
  <datafield tag="101" ind1="0" ind2=" ">
    <subfield code="a">rus</subfield>
  </datafield>
  <datafield tag="102" ind1=" " ind2=" ">
    <subfield code="a">RU</subfield>
  </datafield>
  <datafield tag="105" ind1=" " ind2=" ">
    <subfield code="a">y   j   |||||</subfield>
  </datafield>
  <datafield tag="200" ind1="1" ind2=" ">
    <subfield code="a">&#x88;[&#x89;&#x41F;&#x440;&#x43E;&#x435;&#x43A;&#x442; &#x43F;&#x440;&#x43E;&#x433;&#x440;&#x430;&#x43C;&#x43C;&#x44B; &#x443;&#x447;&#x435;&#x431;&#x43D;&#x438;&#x43A;&#x430; &#x444;&#x438;&#x437;&#x438;&#x43A;&#x438; &#x434;&#x43B;&#x44F; &#x441;&#x435;&#x43B;&#x44C;&#x441;&#x43A;&#x43E;&#x445;&#x43E;&#x437;&#x44F;&#x439;&#x441;&#x442;&#x432;&#x435;&#x43D;&#x43D;&#x44B;&#x445; &#x432;&#x443;&#x437;&#x43E;&#x432;]</subfield>
  </datafield>
  <datafield tag="210" ind1=" " ind2=" ">
    <subfield code="a">[&#x412;&#x43B;&#x430;&#x434;&#x438;&#x43A;&#x430;&#x432;&#x43A;&#x430;&#x437;]</subfield>
    <subfield code="c">&#x411;. &#x438;.</subfield>
    <subfield code="d">&#x411;. &#x433;.</subfield>
    <subfield code="g">&#x442;&#x438;&#x43F;&#x43E;-&#x444;&#x43E;&#x442;&#x43E;-&#x446;&#x438;&#x43D;&#x43A;&#x43E;&#x433;&#x440;. &#x438;&#x437;&#x434;-&#x432;&#x430; "&#x420;&#x430;&#x441;&#x442;&#x434;&#x437;&#x438;&#x43D;&#x430;&#x434;"</subfield>
  </datafield>
  <datafield tag="215" ind1=" " ind2=" ">
    <subfield code="a">19 &#x441;.</subfield>
    <subfield code="d">16&#x445;11 &#x441;&#x43C;</subfield>
  </datafield>
  <datafield tag="300" ind1=" " ind2=" ">
    <subfield code="a">&#x411;&#x435;&#x437; &#x442;&#x438;&#x442;. &#x43B;., &#x43E;&#x431;&#x43B;. &#x438; &#x437;&#x430;&#x433;&#x43B;.</subfield>
  </datafield>
  <datafield tag="300" ind1=" " ind2=" ">
    <subfield code="a">&#x41D;&#x430; 1-&#x439; &#x441;. &#x442;&#x435;&#x43A;&#x441;&#x442;&#x430; &#x43E;&#x431;&#x440;&#x430;&#x449;&#x435;&#x43D;&#x438;&#x435;: "&#x423;&#x432;&#x430;&#x436;&#x430;&#x435;&#x43C;&#x44B;&#x439; &#x442;&#x43E;&#x432;&#x430;&#x440;&#x438;&#x449;! &#x410;&#x441;&#x441;&#x438;&#x441;&#x442;&#x435;&#x43D;&#x442; &#x43F;&#x43E; &#x43A;&#x430;&#x444;&#x435;&#x434;&#x440;&#x435; &#x444;&#x438;&#x437;&#x438;&#x43A;&#x438; &#x438; &#x43C;&#x435;&#x442;&#x435;&#x43E;&#x440;&#x43E;&#x43B;&#x43E;&#x433;&#x438;&#x438; &#x413;.&#x421;.&#x425;.&#x418;. &#x438;&#x43C;. &#x442;. &#x427;. &#x418;&#x43B;&#x44C;&#x438;&#x43D;&#x43E;&#x432; &#x41C;.&#x418;. &#x440;&#x430;&#x431;&#x43E;&#x442;&#x430;&#x435;&#x442; &#x43D;&#x430;&#x434; &#x441;&#x43E;&#x441;&#x442;&#x430;&#x432;&#x43B;&#x435;&#x43D;&#x438;&#x435;&#x43C; &#x442;&#x430;&#x43A;&#x43E;&#x433;&#x43E; &#x443;&#x447;&#x435;&#x431;&#x43D;&#x438;&#x43A;&#x430; &#x444;&#x438;&#x437;&#x438;&#x43A;&#x438;..."</subfield>
  </datafield>
  <datafield tag="700" ind1=" " ind2="1">
    <subfield code="a">&#x418;&#x43B;&#x44C;&#x438;&#x43D;&#x43E;&#x432;</subfield>
    <subfield code="b">&#x41C;.&#x418;.</subfield>
  </datafield>
  <datafield tag="801" ind1=" " ind2="0">
    <subfield code="a">RU</subfield>
    <subfield code="b">NLR</subfield>
    <subfield code="g">psbo</subfield>
  </datafield>
  <datafield tag="801" ind1=" " ind2="1">
    <subfield code="a">RU</subfield>
    <subfield code="b">ELAR</subfield>
    <subfield code="2">rusmarc</subfield>
  </datafield>
  <datafield tag="852" ind1=" " ind2=" ">
    <subfield code="a">NLR</subfield>
    <subfield code="j">31-8/3757</subfield>
  </datafield>
  <datafield tag="942" ind1=" " ind2=" ">
    <subfield code="c">BOOK</subfield>
  </datafield>
  <datafield tag="980" ind1=" " ind2=" ">
    <subfield code="a">NB</subfield>
  </datafield>
  <datafield tag="995" ind1=" " ind2=" ">
    <subfield code="5">2013-10-26</subfield>
    <subfield code="b">NLR02</subfield>
    <subfield code="c">NLR02</subfield>
    <subfield code="e">RFS</subfield>
    <subfield code="f">6989657-10</subfield>
    <subfield code="k">31-8/3757</subfield>
    <subfield code="o">0</subfield>
    <subfield code="r">BOOK</subfield>
    <subfield code="s">3183757_</subfield>
  </datafield>
</record>
